[Event "DVM U10 2024"]
[Site "Düsseldorf GER"]
[Date "2024.12.28"]
[Round "4"]
[White "Vignesh Bama, Dev"]
[Black "Kutschenreuter, Leo"]
[Result "1-0"]
[Termination "normal"]
[Board "10.2"]
[WhiteElo "1633"]
[BlackElo "1085"]
[WhiteClock "00:43:51"]
[BlackClock "00:35:45"]
[WhiteTeam "SV Stuttgart-Wolfbusch 1956"]
[BlackTeam "Schachzwerge Magdeburg"]
[PlyCount "95"]
[WhiteFideId "34653309"]
[EventCountry "GER"]
[EventRounds "7"]
[EventType "team-swiss"]
[EventDate "2024.12.26"]

1. e4 {[%clk 00:55:09]} e5 {[%clk 00:55:06]} {[%emt 00:00:04]} 2. Nf3 {[%clk
00:55:10]} {[%emt 00:00:05]} d5 {[%clk 00:55:04]} {[%emt 00:00:08]} 3. exd5
{[%clk 00:54:53]} {[%emt 00:00:22]} Qxd5 {[%clk 00:55:00]} {[%emt 00:00:09]} 4.
Nc3 {[%clk 00:54:51]} {[%emt 00:00:07]} Qc5 {[%clk 00:54:54]} {[%emt 00:00:11]}
5. Bb5+ {[%clk 00:53:35]} {[%emt 00:01:21]} c6 {[%clk 00:54:37]} {[%emt
00:00:22]} 6. Ba4 {[%clk 00:53:31]} {[%emt 00:00:09]} Nf6 {[%clk 00:54:13]}
{[%emt 00:00:28]} 7. O-O {[%clk 00:53:18]} {[%emt 00:00:18]} Bd6 {[%clk
00:53:54]} {[%emt 00:00:24]} 8. Re1 {[%clk 00:52:57]} {[%emt 00:00:25]} O-O
{[%clk 00:53:35]} {[%emt 00:00:24]} 9. d4 {[%clk 00:52:51]} {[%emt 00:00:11]}
exd4 {[%clk 00:53:10]} {[%emt 00:00:30]} 10. Nxd4 {[%clk 00:52:20]} {[%emt
00:00:36]} Bg4 {[%clk 00:51:25]} {[%emt 00:01:49]} 11. f3 {[%clk 00:52:15]}
{[%emt 00:00:11]} Bh5 {[%clk 00:50:56]} {[%emt 00:00:33]} 12. Be3 {[%clk
00:51:54]} {[%emt 00:00:26]} Re8 {[%clk 00:48:07]} {[%emt 00:02:54]} 13. Nb3
{[%clk 00:51:43]} {[%emt 00:00:17]} Qe5 {[%clk 00:45:43]} {[%emt 00:02:27]} 14.
f4 {[%clk 00:51:09]} {[%emt 00:00:42]} Qxe3+ {[%clk 00:44:56]} {[%emt
00:00:52]} 15. Rxe3 {[%clk 00:50:59]} {[%emt 00:00:14]} Bxd1 {[%clk 00:44:53]}
{[%emt 00:00:09]} 16. Rxe8+ {[%clk 00:50:54]} {[%emt 00:00:10]} Nxe8 {[%clk
00:44:49]} {[%emt 00:00:09]} 17. Rxd1 {[%clk 00:50:54]} {[%emt 00:00:05]} Bxf4
{[%clk 00:44:32]} {[%emt 00:00:22]} 18. Rd8 {[%clk 00:50:32]} {[%emt 00:00:26]}
Kf8 {[%clk 00:44:25]} {[%emt 00:00:11]} 19. Nd4 {[%clk 00:49:58]} {[%emt
00:00:39]} Be3+ {[%clk 00:43:31]} {[%emt 00:00:59]} 20. Kf1 {[%clk 00:49:42]}
{[%emt 00:00:22]} b5 {[%clk 00:43:17]} {[%emt 00:00:20]} 21. Ncxb5 {[%clk
00:49:13]} {[%emt 00:00:34]} cxb5 {[%clk 00:43:05]} {[%emt 00:00:17]} 22. Bxb5
{[%clk 00:49:13]} {[%emt 00:00:06]} g6 {[%clk 00:42:09]} {[%emt 00:01:00]} 23.
Rxe8+ {[%clk 00:49:09]} {[%emt 00:00:09]} Kg7 {[%clk 00:42:02]} {[%emt
00:00:11]} 24. Rxe3 {[%clk 00:49:04]} {[%emt 00:00:10]} a6 {[%clk 00:41:46]}
{[%emt 00:00:21]} 25. Bc4 {[%clk 00:48:43]} {[%emt 00:00:26]} Nd7 {[%clk
00:41:26]} {[%emt 00:00:25]} 26. Re7 {[%clk 00:48:32]} {[%emt 00:00:16]} Nb6
{[%clk 00:41:04]} {[%emt 00:00:28]} 27. Rxf7+ {[%clk 00:46:35]} {[%emt
00:02:16]} Kh6 {[%clk 00:40:59]} {[%emt 00:00:09]} 28. Rf6 {[%clk 00:46:14]}
{[%emt 00:00:26]} Nxc4 {[%clk 00:40:49]} {[%emt 00:00:15]} 29. b3 {[%clk
00:45:57]} {[%emt 00:00:21]} Nd2+ {[%clk 00:40:32]} {[%emt 00:00:22]} 30. Ke2
{[%clk 00:45:54]} {[%emt 00:00:08]} Ne4 {[%clk 00:40:18]} {[%emt 00:00:19]} 31.
Rf4 {[%clk 00:45:41]} {[%emt 00:00:15]} Nc3+ {[%clk 00:40:00]} {[%emt
00:00:26]} 32. Kd3 {[%clk 00:45:35]} {[%emt 00:00:10]} Nxa2 {[%clk 00:39:54]}
{[%emt 00:00:13]} 33. Ne6 {[%clk 00:45:34]} {[%emt 00:00:06]} Kh5 {[%clk
00:39:11]} {[%emt 00:00:47]} 34. Ra4 {[%clk 00:45:15]} {[%emt 00:00:24]} Nc1+
{[%clk 00:38:54]} {[%emt 00:00:22]} 35. Kd2 {[%clk 00:45:10]} {[%emt 00:00:10]}
Re8 {[%clk 00:38:47]} {[%emt 00:00:12]} 36. Ng7+ {[%clk 00:45:08]} {[%emt
00:00:08]} Kh6 {[%clk 00:38:15]} {[%emt 00:00:37]} 37. Nxe8 {[%clk 00:44:54]}
{[%emt 00:00:11]} Nxb3+ {[%clk 00:38:05]} {[%emt 00:00:22]} 38. cxb3 {[%clk
00:44:51]} {[%emt 00:00:07]} g5 {[%clk 00:38:03]} {[%emt 00:00:07]} 39. Rxa6+
{[%clk 00:44:35]} {[%emt 00:00:21]} Kh5 {[%clk 00:38:02]} {[%emt 00:00:07]} 40.
b4 {[%clk 00:44:24]} {[%emt 00:00:17]} Kg4 {[%clk 00:37:59]} {[%emt 00:00:07]}
41. b5 {[%clk 00:44:14]} {[%emt 00:00:15]} h5 {[%clk 00:37:53]} {[%emt
00:00:11]} 42. Ra4+ {[%clk 00:44:14]} {[%emt 00:00:05]} Kf5 {[%clk 00:37:39]}
{[%emt 00:00:19]} 43. b6 {[%clk 00:44:13]} {[%emt 00:00:07]} g4 {[%clk
00:37:32]} {[%emt 00:00:12]} 44. b7 {[%clk 00:44:10]} {[%emt 00:00:08]} Kg5
{[%clk 00:37:29]} {[%emt 00:00:07]} 45. b8=Q {[%clk 00:44:02]} {[%emt
00:00:13]} Kf5 {[%clk 00:36:18]} {[%emt 00:01:16]} 46. Qb5+ {[%clk 00:43:56]}
{[%emt 00:00:12]} Ke6 {[%clk 00:36:10]} {[%emt 00:00:12]} 47. Ra6+ {[%clk
00:43:53]} {[%emt 00:00:08]} Kd7 {[%clk 00:35:45]} {[%emt 00:00:30]} 48. Qb7+
{[%clk 00:43:51]} {[%emt 00:00:07]} 1-0

[Event "DVM U10 2024"]
[Site "Düsseldorf GER"]
[Date "2024.12.28"]
[Round "4"]
[White "Luible, Sebastian"]
[Black "Karabetyan, Levon"]
[Result "1-0"]
[Termination "normal"]
[Board "12.1"]
[WhiteElo "1104"]
[BlackElo "1230"]
[WhiteClock "00:05:51"]
[BlackClock "00:02:38"]
[WhiteTeam "SF Tegernheim"]
[BlackTeam "Schach-Kids Bernhausen"]
[PlyCount "147"]
[WhiteFideId "533001944"]
[BlackFideId "533023158"]
[EventCountry "GER"]
[EventRounds "7"]
[EventType "team-swiss"]
[EventDate "2024.12.26"]

1. d4 {[%clk 00:55:07]} {[%emt 00:00:03]} d5 {[%clk 00:55:05]} {[%emt
00:00:05]} 2. Nf3 {[%clk 00:55:06]} {[%emt 00:00:07]} c5 {[%clk 00:55:02]}
{[%emt 00:00:08]} 3. e3 {[%clk 00:55:05]} {[%emt 00:00:07]} Nf6 {[%clk
00:54:49]} {[%emt 00:00:17]} 4. c3 {[%clk 00:54:24]} {[%emt 00:00:46]} e6
{[%clk 00:54:28]} {[%emt 00:00:26]} 5. Bd3 {[%clk 00:54:24]} {[%emt 00:00:05]}
Nbd7 {[%clk 00:53:57]} {[%emt 00:00:35]} 6. Nbd2 {[%clk 00:54:14]} {[%emt
00:00:15]} b6 {[%clk 00:53:37]} {[%emt 00:00:26]} 7. O-O {[%clk 00:53:28]}
{[%emt 00:00:50]} Bb7 {[%clk 00:53:36]} {[%emt 00:00:06]} 8. Qe2 {[%clk
00:51:19]} {[%emt 00:02:14]} Ne4 {[%clk 00:53:18]} {[%emt 00:00:23]} 9. Bc2
{[%clk 00:50:03]} {[%emt 00:01:21]} Be7 {[%clk 00:51:49]} {[%emt 00:01:34]} 10.
Re1 {[%clk 00:46:49]} {[%emt 00:03:19]} O-O {[%clk 00:49:57]} {[%emt 00:01:57]}
11. c4 {[%clk 00:42:21]} {[%emt 00:04:34]} Ndf6 {[%clk 00:46:59]} {[%emt
00:03:03]} 12. Nxe4 {[%emt 00:01:33]} Nxe4 {[%clk 00:46:21]} {[%emt 00:00:29]}
13. Nd2 {[%clk 00:40:11]} {[%emt 00:01:01]} Nd6 {[%clk 00:33:58]} {[%emt
00:12:27]} 14. Qd3 {[%clk 00:37:29]} {[%emt 00:02:47]} Nf5 {[%clk 00:32:19]}
{[%emt 00:01:45]} 15. cxd5 {[%clk 00:34:49]} {[%emt 00:02:45]} Qxd5 {[%clk
00:31:36]} {[%emt 00:00:48]} 16. e4 {[%clk 00:34:31]} {[%emt 00:00:24]} Qc6
{[%clk 00:31:01]} {[%emt 00:00:39]} 17. d5 {[%clk 00:33:35]} {[%emt 00:01:01]}
exd5 {[%clk 00:21:17]} {[%emt 00:09:49]} 18. exf5 {[%clk 00:33:20]} {[%emt
00:00:19]} Bf6 {[%clk 00:20:00]} {[%emt 00:01:22]} 19. Bd1 {[%clk 00:26:55]}
{[%emt 00:06:30]} Rfe8 {[%clk 00:17:35]} {[%emt 00:02:30]} 20. Rxe8+ {[%clk
00:25:05]} {[%emt 00:01:56]} Rxe8 {[%clk 00:17:23]} {[%emt 00:00:15]} 21. Be2
{[%clk 00:23:22]} {[%emt 00:01:49]} d4 {[%clk 00:15:12]} {[%emt 00:02:16]} 22.
Bf3 {[%clk 00:21:33]} {[%emt 00:01:54]} Qc8 {[%clk 00:12:17]} {[%emt 00:02:52]}
23. Bxb7 {[%clk 00:21:15]} {[%emt 00:00:32]} Qxb7 {[%clk 00:11:58]} {[%emt
00:00:23]} 24. Nf3 {[%clk 00:21:06]} {[%emt 00:00:15]} Qd5 {[%clk 00:10:11]}
{[%emt 00:01:47]} 25. b3 {[%clk 00:18:33]} {[%emt 00:02:43]} Qe4 {[%clk
00:07:46]} {[%emt 00:02:26]} 26. Qxe4 {[%clk 00:18:17]} {[%emt 00:00:25]} Rxe4
{[%clk 00:07:41]} {[%emt 00:00:09]} 27. Bd2 {[%clk 00:18:11]} {[%emt 00:00:10]}
h6 {[%clk 00:07:16]} {[%emt 00:00:32]} 28. Re1 {[%clk 00:17:36]} {[%emt
00:00:38]} Rxe1+ {[%clk 00:07:13]} {[%emt 00:00:09]} 29. Nxe1 {[%clk 00:17:17]}
{[%emt 00:00:24]} Kf8 {[%clk 00:07:00]} {[%emt 00:00:19]} 30. Kf1 {[%clk
00:17:16]} {[%emt 00:00:06]} Ke7 {[%clk 00:06:55]} {[%emt 00:00:09]} 31. Ke2
{[%clk 00:17:16]} {[%emt 00:00:06]} Kd6 {[%clk 00:06:39]} {[%emt 00:00:21]} 32.
Bf4+ {[%clk 00:16:34]} {[%emt 00:00:47]} Be5 {[%clk 00:06:16]} {[%emt
00:00:27]} 33. Bxe5+ {[%clk 00:16:25]} {[%emt 00:00:14]} Kxe5 {[%clk 00:06:10]}
{[%emt 00:00:11]} 34. Kd3 {[%clk 00:16:27]} {[%emt 00:00:04]} Kxf5 {[%clk
00:05:54]} {[%emt 00:00:21]} 35. Nc2 {[%clk 00:16:02]} {[%emt 00:00:31]} g5
{[%clk 00:05:40]} {[%emt 00:00:18]} 36. Na3 {[%clk 00:15:54]} {[%emt 00:00:13]}
h5 {[%clk 00:05:24]} {[%emt 00:00:20]} 37. Nb5 {[%clk 00:15:53]} {[%emt
00:00:06]} a6 {[%clk 00:05:18]} {[%emt 00:00:11]} 38. Nd6+ {[%clk 00:15:48]}
{[%emt 00:00:10]} Ke6 {[%clk 00:05:04]} {[%emt 00:00:19]} 39. Ne4 {[%clk
00:14:34]} {[%emt 00:01:19]} Kf5 {[%clk 00:05:00]} {[%emt 00:00:10]} 40. Ng3+
{[%clk 00:14:11]} {[%emt 00:00:27]} Kg6 {[%clk 00:05:04]} {[%emt 00:00:03]} 41.
h3 {[%clk 00:13:40]} {[%emt 00:00:36]} h4 {[%clk 00:05:01]} {[%emt 00:00:07]}
42. Ne4 {[%clk 00:13:21]} {[%emt 00:00:22]} f5 {[%clk 00:04:42]} {[%emt
00:00:25]} 43. Nd6 {[%clk 00:12:58]} {[%emt 00:00:28]} f4 {[%clk 00:04:30]}
{[%emt 00:00:18]} 44. Nc4 {[%clk 00:12:28]} {[%emt 00:00:34]} b5 {[%clk
00:04:18]} {[%emt 00:00:17]} 45. Ne5+ {[%clk 00:10:55]} {[%emt 00:01:37]} Kf5
{[%clk 00:04:17]} {[%emt 00:00:07]} 46. Nd7 {[%clk 00:10:17]} {[%emt 00:00:42]}
g4 {[%clk 00:04:13]} {[%emt 00:00:10]} 47. f3 {[%clk 00:08:45]} {[%emt
00:01:38]} gxf3 {[%clk 00:03:40]} {[%emt 00:00:38]} 48. gxf3 {[%emt 00:00:11]}
a5 {[%clk 00:03:35]} {[%emt 00:00:09]} 49. Nxc5 {[%clk 00:08:36]} {[%emt
00:00:08]} Ke5 {[%clk 00:03:32]} {[%emt 00:00:08]} 50. b4 {[%clk 00:06:52]}
{[%emt 00:01:49]} axb4 {[%clk 00:03:19]} {[%emt 00:00:18]} 51. Nb3 {[%clk
00:06:47]} {[%emt 00:00:10]} Kd5 {[%clk 00:03:15]} {[%emt 00:00:08]} 52. Nxd4
{[%clk 00:06:42]} {[%emt 00:00:12]} Kc5 {[%clk 00:03:14]} {[%emt 00:00:06]} 53.
Nb3+ {[%clk 00:06:30]} {[%emt 00:00:16]} Kd5 {[%clk 00:03:10]} {[%emt
00:00:08]} 54. Nd4 {[%clk 00:06:02]} {[%emt 00:00:34]} Kc5 {[%clk 00:03:12]}
{[%emt 00:00:03]} 55. Ne6+ {[%clk 00:05:57]} {[%emt 00:00:10]} Kb6 {[%clk
00:03:00]} {[%emt 00:00:16]} 56. Nxf4 {[%clk 00:05:56]} {[%emt 00:00:08]} Ka5
57. Kc2 {[%emt 00:00:19]} Ka4 {[%clk 00:02:38]} {[%emt 00:00:08]} 58. Kb2
{[%clk 00:05:51]} {[%emt 00:00:09]} b3 59. axb3+ Kb4 60. Ng6 Ka5 61. f4 Kb6 62.
f5 Kc5 63. f6 Kb4 64. f7 Ka5 65. f8=Q Kb6 66. Qd6+ Ka5 67. Ka2 b4 68. Qc5+ Ka6
69. Qxb4 Ka7 70. Kb2 Ka6 71. Kc3 Ka7 72. Kc4 Ka8 73. Kc5 Ka7 74. Kc6 1-0

[Event "DVM U10 2024"]
[Site "Düsseldorf GER"]
[Date "2024.12.28"]
[Round "4"]
[White "Dres, Friedrich"]
[Black "Seitov, Adela"]
[Result "1-0"]
[Termination "normal"]
[Board "18.1"]
[WhiteElo "1123"]
[BlackElo "911"]
[WhiteClock "00:46:45"]
[BlackClock "00:38:59"]
[WhiteTeam "SG Trier 1877"]
[BlackTeam "SF 1958 Bitburg"]
[PlyCount "105"]
[BlackFideId "34675140"]
[EventCountry "GER"]
[EventRounds "7"]
[EventType "team-swiss"]
[EventDate "2024.12.26"]

1. e4 {[%clk 00:55:09]} e5 {[%clk 00:55:07]} {[%emt 00:00:04]} 2. Nf3 {[%clk
00:55:09]} {[%emt 00:00:06]} Nc6 {[%clk 00:55:06]} {[%emt 00:00:05]} 3. Bc4
{[%clk 00:55:08]} {[%emt 00:00:06]} Nf6 {[%clk 00:55:04]} {[%emt 00:00:07]} 4.
Ng5 {[%clk 00:55:08]} {[%emt 00:00:05]} Na5 {[%clk 00:54:52]} {[%emt 00:00:17]}
5. Bxf7+ {[%clk 00:54:44]} {[%emt 00:00:29]} Ke7 {[%clk 00:54:37]} {[%emt
00:00:19]} 6. Bb3 {[%clk 00:54:27]} {[%emt 00:00:22]} Nxb3 {[%clk 00:54:08]}
{[%emt 00:00:34]} 7. cxb3 {[%clk 00:54:18]} {[%emt 00:00:14]} Ke8 {[%clk
00:53:49]} {[%emt 00:00:25]} 8. O-O {[%clk 00:54:14]} {[%emt 00:00:09]} Bc5
{[%clk 00:53:24]} {[%emt 00:00:29]} 9. Nc3 {[%clk 00:54:10]} {[%emt 00:00:10]}
d6 {[%clk 00:53:03]} {[%emt 00:00:26]} 10. b4 {[%clk 00:53:36]} {[%emt
00:00:39]} Bxb4 {[%clk 00:52:57]} {[%emt 00:00:11]} 11. Qb3 {[%clk 00:53:35]}
{[%emt 00:00:05]} Qe7 {[%clk 00:52:10]} {[%emt 00:00:53]} 12. Qxb4 {[%clk
00:53:26]} {[%emt 00:00:14]} a5 {[%clk 00:51:34]} {[%emt 00:00:41]} 13. Qb3
{[%clk 00:53:00]} {[%emt 00:00:29]} a4 {[%clk 00:50:24]} {[%emt 00:01:16]} 14.
Nxa4 {[%clk 00:52:51]} {[%emt 00:00:14]} h6 {[%clk 00:50:06]} {[%emt 00:00:24]}
15. Nf3 {[%clk 00:52:45]} {[%emt 00:00:10]} Nxe4 {[%clk 00:49:42]} {[%emt
00:00:28]} 16. d4 {[%clk 00:52:27]} {[%emt 00:00:24]} Qf6 {[%clk 00:48:04]}
{[%emt 00:01:44]} 17. Nc3 {[%emt 00:00:31]} Nxc3 {[%emt 00:01:08]} 18. Qxc3
{[%clk 00:50:47]} {[%emt 00:00:06]} Qg6 {[%clk 00:47:48]} {[%emt 00:00:20]} 19.
dxe5 {[%clk 00:50:42]} {[%emt 00:00:10]} Bh3 {[%clk 00:47:33]} {[%emt
00:00:20]} 20. Nh4 {[%clk 00:50:38]} {[%emt 00:00:09]} Qg4 {[%clk 00:45:50]}
{[%emt 00:01:48]} 21. Qxh3 {[%clk 00:49:43]} {[%emt 00:01:01]} Qxh3 {[%clk
00:45:26]} {[%emt 00:00:29]} 22. gxh3 {[%clk 00:49:46]} {[%emt 00:00:02]} d5
23. exd6 {[%clk 00:49:43]} cxd6 {[%clk 00:45:08]} {[%emt 00:00:06]} 24. Re1+
{[%clk 00:49:37]} {[%emt 00:00:11]} Kd7 {[%clk 00:45:07]} {[%emt 00:00:06]} 25.
Bf4 {[%clk 00:49:23]} {[%emt 00:00:20]} g5 {[%clk 00:45:01]} {[%emt 00:00:11]}
26. Ng6 {[%clk 00:49:14]} {[%emt 00:00:14]} gxf4 {[%clk 00:44:20]} {[%emt
00:00:46]} 27. Nxh8 {[%clk 00:49:08]} {[%emt 00:00:11]} Rxh8 {[%clk 00:44:22]}
{[%emt 00:00:03]} 28. Rad1 {[%clk 00:49:02]} {[%emt 00:00:10]} Rg8+ {[%clk
00:44:23]} {[%emt 00:00:05]} 29. Kh1 {[%clk 00:49:05]} {[%emt 00:00:03]} Kc6
{[%clk 00:43:46]} {[%emt 00:00:41]} 30. Re6 {[%clk 00:49:01]} {[%emt 00:00:08]}
f3 {[%clk 00:43:25]} {[%emt 00:00:26]} 31. Rexd6+ {[%clk 00:48:52]} {[%emt
00:00:14]} Kc7 {[%clk 00:43:12]} {[%emt 00:00:18]} 32. Rxh6 {[%clk 00:48:46]}
{[%emt 00:00:11]} Rg2 {[%clk 00:42:57]} {[%emt 00:00:20]} 33. Rf1 {[%clk
00:48:46]} {[%emt 00:00:06]} Rg7 {[%clk 00:42:24]} {[%emt 00:00:38]} 34. Rg1
{[%clk 00:48:41]} {[%emt 00:00:09]} Re7 {[%clk 00:41:50]} {[%emt 00:00:39]} 35.
Rhg6 {[%clk 00:48:40]} {[%emt 00:00:06]} Kb8 {[%clk 00:41:35]} {[%emt
00:00:20]} 36. h4 {[%clk 00:48:23]} {[%emt 00:00:23]} Re2 {[%clk 00:41:07]}
{[%emt 00:00:33]} 37. h5 {[%clk 00:48:18]} {[%emt 00:00:10]} Rxf2 {[%clk
00:40:56]} {[%emt 00:00:16]} 38. h6 {[%clk 00:48:11]} {[%emt 00:00:11]} Re2
{[%clk 00:40:40]} {[%emt 00:00:22]} 39. h7 {[%emt 00:00:24]} f2 {[%clk
00:40:26]} {[%emt 00:00:14]} 40. h8=Q+ {[%clk 00:47:55]} {[%emt 00:00:07]} Ka7
{[%clk 00:40:25]} {[%emt 00:00:05]} 41. Qd4+ {[%clk 00:47:46]} {[%emt
00:00:14]} Kb8 {[%clk 00:40:13]} {[%emt 00:00:17]} 42. Rg8+ {[%clk 00:47:35]}
{[%emt 00:00:17]} Kc7 {[%clk 00:40:01]} {[%emt 00:00:17]} 43. Qc4+ {[%clk
00:47:37]} {[%emt 00:00:03]} Kb6 {[%clk 00:39:45]} {[%emt 00:00:19]} 44. Qxe2
{[%clk 00:47:31]} {[%emt 00:00:12]} fxg1=Q+ {[%clk 00:39:33]} {[%emt 00:00:17]}
45. Kxg1 {[%clk 00:47:29]} {[%emt 00:00:08]} Kc7 {[%clk 00:39:17]} {[%emt
00:00:21]} 46. h4 {[%clk 00:47:20]} {[%emt 00:00:14]} Kb6 {[%clk 00:39:15]}
{[%emt 00:00:07]} 47. h5 {[%clk 00:47:18]} {[%emt 00:00:07]} Kc7 {[%clk
00:39:15]} {[%emt 00:00:05]} 48. h6 {[%clk 00:47:16]} {[%emt 00:00:07]} Kb6
{[%clk 00:39:15]} {[%emt 00:00:04]} 49. h7 {[%clk 00:47:13]} {[%emt 00:00:09]}
Kc7 {[%clk 00:39:15]} {[%emt 00:00:05]} 50. h8=Q {[%clk 00:47:10]} {[%emt
00:00:07]} Kb6 {[%clk 00:39:14]} {[%emt 00:00:06]} 51. Qf6+ {[%clk 00:47:05]}
{[%emt 00:00:11]} Ka7 {[%clk 00:39:04]} {[%emt 00:00:13]} 52. Qd4+ {[%clk
00:46:55]} {[%emt 00:00:16]} b6 {[%clk 00:38:59]} {[%emt 00:00:11]} 53. Qd7#
{[%clk 00:46:45]} {[%emt 00:00:14]} 1-0

[Event "DVM U10 2024"]
[Site "Düsseldorf GER"]
[Date "2024.12.28"]
[Round "4"]
[White "Nune, Likhith Siddharth"]
[Black "Estrin, Boris"]
[Result "1-0"]
[Termination "normal"]
[Board "19.1"]
[WhiteElo "1532"]
[BlackElo "1338"]
[WhiteClock "00:01:30"]
[BlackClock "00:04:16"]
[WhiteTeam "SV Dresden-Striesen"]
[BlackTeam "Düsseldorfer SK 14/25"]
[PlyCount "89"]
[WhiteFideId "34670823"]
[BlackFideId "34649859"]
[EventCountry "GER"]
[EventRounds "7"]
[EventType "team-swiss"]
[EventDate "2024.12.26"]

1. e4 {[%clk 00:55:09]} d5 {[%clk 00:55:04]} {[%emt 00:00:06]} 2. exd5 {[%clk
00:55:09]} {[%emt 00:00:05]} Qxd5 {[%clk 00:55:03]} {[%emt 00:00:06]} 3. Nc3
{[%clk 00:54:59]} {[%emt 00:00:15]} Qa5 {[%clk 00:55:02]} {[%emt 00:00:06]} 4.
Nf3 {[%clk 00:54:54]} {[%emt 00:00:11]} Bg4 {[%clk 00:54:59]} {[%emt 00:00:07]}
5. Bc4 {[%clk 00:54:47]} {[%emt 00:00:13]} Nf6 {[%clk 00:54:53]} {[%emt
00:00:11]} 6. d3 {[%clk 00:54:33]} {[%emt 00:00:18]} Nbd7 {[%clk 00:54:34]}
{[%emt 00:00:24]} 7. Bd2 {[%clk 00:54:16]} {[%emt 00:00:22]} O-O-O {[%clk
00:53:56]} {[%emt 00:00:43]} 8. h3 {[%clk 00:53:03]} {[%emt 00:01:18]} Bh5
{[%clk 00:53:50]} {[%emt 00:00:11]} 9. Nb5 {[%clk 00:49:24]} {[%emt 00:03:45]}
Qb6 {[%clk 00:53:16]} {[%emt 00:00:37]} 10. a4 {[%clk 00:47:50]} {[%emt
00:01:40]} a5 {[%clk 00:51:02]} {[%emt 00:02:19]} 11. Be3 {[%clk 00:46:39]}
{[%emt 00:01:16]} Nc5 {[%clk 00:50:39]} {[%emt 00:00:28]} 12. b4 {[%clk
00:46:22]} {[%emt 00:00:23]} e5 {[%clk 00:49:50]} {[%emt 00:00:54]} 13. bxc5
{[%clk 00:45:17]} {[%emt 00:01:09]} Bxc5 {[%clk 00:49:44]} {[%emt 00:00:10]}
14. Qc1 {[%clk 00:40:41]} {[%emt 00:04:42]} Bd4 {[%clk 00:45:47]} {[%emt
00:04:01]} 15. Rb1 {[%clk 00:39:46]} {[%emt 00:01:00]} Qc5 {[%clk 00:42:51]}
{[%emt 00:03:02]} 16. Nfxd4 {[%clk 00:37:58]} {[%emt 00:01:53]} exd4 {[%clk
00:42:08]} {[%emt 00:00:47]} 17. Nxd4 {[%clk 00:37:02]} {[%emt 00:01:03]} Rhe8
{[%clk 00:38:08]} {[%emt 00:04:04]} 18. Ne6 {[%clk 00:35:21]} {[%emt 00:01:46]}
Qc6 {[%clk 00:34:53]} {[%emt 00:03:20]} 19. Nxd8 {[%clk 00:33:21]} {[%emt
00:02:04]} Qxg2 {[%clk 00:34:09]} {[%emt 00:00:50]} 20. Rf1 {[%clk 00:27:15]}
{[%emt 00:06:11]} Rxd8 {[%clk 00:32:12]} {[%emt 00:02:02]} 21. Bg5 {[%clk
00:22:42]} {[%emt 00:04:38]} Re8+ {[%clk 00:30:31]} {[%emt 00:01:44]} 22. Be3
{[%clk 00:22:08]} {[%emt 00:00:41]} Qf3 {[%clk 00:29:43]} {[%emt 00:00:53]} 23.
Kd2 {[%clk 00:19:04]} {[%emt 00:03:09]} Rd8 {[%clk 00:27:59]} {[%emt 00:01:46]}
24. Kc3 {[%clk 00:17:49]} {[%emt 00:01:22]} Qxh3 {[%clk 00:23:01]} {[%emt
00:05:04]} 25. Qb2 {[%clk 00:15:49]} {[%emt 00:02:04]} Bf3 {[%clk 00:21:13]}
{[%emt 00:01:54]} 26. Qb5 {[%clk 00:11:18]} {[%emt 00:04:35]} Bc6 {[%clk
00:20:19]} {[%emt 00:00:59]} 27. Qb3 {[%clk 00:09:40]} {[%emt 00:01:43]} Bf3
{[%clk 00:19:23]} {[%emt 00:01:03]} 28. Bxf7 {[%clk 00:08:49]} {[%emt
00:00:56]} Kb8 {[%clk 00:18:21]} {[%emt 00:01:06]} 29. Be6 {[%clk 00:06:42]}
{[%emt 00:02:11]} Qh5 {[%clk 00:17:04]} {[%emt 00:01:23]} 30. Rfd1 {[%clk
00:05:50]} {[%emt 00:00:57]} Qe5+ {[%clk 00:13:59]} {[%emt 00:03:10]} 31. d4
{[%clk 00:04:37]} {[%emt 00:01:19]} Ne4+ {[%clk 00:13:04]} {[%emt 00:00:59]}
32. Kb2 {[%clk 00:03:57]} {[%emt 00:00:45]} Qd6 {[%clk 00:10:40]} {[%emt
00:02:29]} 33. Ka1 {[%clk 00:03:11]} {[%emt 00:00:51]} Nf6 {[%clk 00:08:10]}
{[%emt 00:02:35]} 34. d5 {[%clk 00:03:02]} {[%emt 00:00:14]} Qa6 {[%clk
00:06:48]} {[%emt 00:01:26]} 35. Rdc1 {[%clk 00:02:38]} {[%emt 00:00:31]} h6
{[%clk 00:05:46]} {[%emt 00:01:07]} 36. Rb2 {[%clk 00:02:39]} {[%emt 00:00:03]}
Nxd5 {[%clk 00:05:12]} {[%emt 00:00:38]} 37. Bxd5 {[%clk 00:01:57]} {[%emt
00:00:48]} Bxd5 {[%clk 00:05:05]} {[%emt 00:00:12]} 38. Qa3 {[%clk 00:01:43]}
{[%emt 00:00:19]} h5 {[%clk 00:04:16]} {[%emt 00:00:54]} 39. Rd1 {[%clk
00:01:30]} {[%emt 00:00:19]}  Rd6 40. Rxd5 Qf1+ 41. Rb1 Qa6 42. Rxd6 Qxd6 43.
Qb3 Qc6 44. Qg8+ Qe8 45. Qxe8# 1-0